Impact of Enterprise Size on Selected Factors Motivating to Establish a Sponsorship Relationship

Analýza vplyvu veľkosti podniku na motiváciu podnikov k vytvoreniu sponzorského vzťahu na najvyššej slovenskej futbalovej súťaži Fortuna liga 2016/2017 - výsledky kvantitatívneho výskumu z obdobia 01-02/2017. Návšteva na športovom podujatí, infraštruktúra štadióna.

Gespeichert in:
Bibliographische Detailangaben
1. Verfasser: Daňo, Ferdinand, 1959-
Weitere Verfasser: Šupák, Juraj, Drábik, Peter, 1981-
Format: Buchkapitel
Sprache:Englisch
Schlagworte:
Tags: Tag hinzufügen
Keine Tags, Fügen Sie das erste Tag hinzu!

MARC

LEADER 00000nla$a2200000$$$4500
001 0242725
005 20240502083650.7
041 0 |a eng 
044 |a ID 
245 1 0 |a Impact of Enterprise Size on Selected Factors Motivating to Establish a Sponsorship Relationship  |c Ferdinand Daňo, Juraj Šupák, Peter Drábik 
520 |a Analýza vplyvu veľkosti podniku na motiváciu podnikov k vytvoreniu sponzorského vzťahu na najvyššej slovenskej futbalovej súťaži Fortuna liga 2016/2017 - výsledky kvantitatívneho výskumu z obdobia 01-02/2017. Návšteva na športovom podujatí, infraštruktúra štadióna. 
610 2 0 |a podnik 
610 2 0 |a marketing 
610 2 0 |a komunikácia marketingová 
610 2 0 |a sponzorovanie 
610 2 0 |a šport 
610 2 0 |a infraštruktúra 
610 2 0 |a Slovensko 
610 2 0 |a výskum kvantitatívny 
100 1 |a Daňo, Ferdinand, 1959- 
700 1 |a Šupák, Juraj 
700 1 |a Drábik, Peter, 1981-